01958nam a2200301 a 450000100100000000500170001000800410002704000250006808200200009310000310011324501120014426000370025630000210029350002150031465100420052965000350057165000540060665000280066004900090068895201330069795201330083095201330096395201190109695201190121595201810133495201240151599900170163900001254120240530073931.0091113s1990 dr 000 0 spa d aDO-SdBNPbspacBNPHU a972.9303bM149r1 aMachado, José Ml.92924813aLa reconquista y La Trinitaria :bdos polos patrióticos con proyecciones distintas /cJosé Ml. Machado. aSanto Domingo, :bTaller,c1990. a192 p. ;c23 cm. aEnsayo sobre la obra revolucionaria realizada por Duarte y la Trinitaria desde el 16 de julio de 1838 hasta el 27 de febrero de 1844, premiado en el concurso histórico de la Academia Dominicana de la Historia 4aRepública DominicanaxHistoria9170 4aReconquista,x1808-1809929249 4aRepública dominicanaxHistoriay1844-193091598 0aEnsayos dominicanos965 aBNPD 001052708DSaGRbGRcHDd2009-12-02iLF1l0o972.9303 M149rp12541-30r2020-06-25te. 3w2020-06-25yLFDSZPréstamo interno 001052708DSaGRbGRcCTd2009-12-02iLF1l0o972.9303 M149rp12541-40r2020-06-25te. 4w2020-06-25yLFDSZPréstamo interno 001054708DSaGRbGRcCTd2010-09-15iLF1l0o972.9303 M149rp12541-50r2020-06-25te. 5w2020-06-25yLFDSZPréstamo en sala 00107-18PDaGRbGRcOId2010-09-15iLF1l0o972.9303 M149rp12541-60r2020-06-25w2020-06-25yLFPDZNo se presta 00107-18PDaGRbGRcOId2010-09-15iLF1l0o972.9303 M149rp12541-70r2020-06-25w2020-06-25yLFPDZNo se presta 0010718PDaPDbPDcHDd2009-11-13iLF1l0o972.9303 M149rp12541-10r2020-06-25w2020-06-25yLFPDzPerteneció a la biblioteca personal de la Flia. Reyes DulucZNo se presta 0010718PDaPDbPDcHDd2009-11-13iLF1l0o972.9303 M149rp12541-20r2020-06-25te. 2w2020-06-25yLFPDZNo se presta c12196d12196